Ensayo de medicina general, o sea de filosofía médica / (Record no. 160680)

MARC details
000 -LEADER
campo de control de longitud fija 00779nam a2200205 i 4500
001 - NÚMERO DE CONTROL
campo de control 160680
003 - IDENTIFICADOR DE NÚMERO DE CONTROL
campo de control ES-MaACL
005 - FECHA Y HORA DE LA ÚLTIMA TRANSACCIÓN
campo de control 20250808063540.0
008 - DATOS DE LONGITUD FIJA--INFORMACIÓN GENERAL
campo de control de longitud fija 990323s1860 sp |||| | spa d
040 ## - FUENTE DE CATALOGACIÓN
Centro catalogador/agencia de origen CCPB | B
Lengua de catalogación spa
Centro/agencia transcriptor CCPB | B
100 1# - ENTRADA PRINCIPAL--NOMBRE DE PERSONA
Nombre de persona Nieto y Serrano, Matías,
Fechas asociadas al nombre 1813-1902
9 (RLIN) 130482
245 10 - MENCIÓN DEL TÍTULO
Título Ensayo de medicina general, o sea de filosofía médica /
Mención de responsabilidad, etc. por Matias Nieto Serrano.
260 ## - PUBLICACIÓN, DISTRIBUCIÓN, ETC.
Lugar de publicación, distribución, etc. Madrid :
Nombre del editor, distribuidor, etc. [s.n.],
Fecha de publicación, distribución, etc. 1860 (
Fabricante Imprenta de Manuel de Rojas)
300 ## - DESCRIPCIÓN FÍSICA
Extensión [8], 554 p. ;
Dimensiones 23 cm.
530 ## - NOTA DISPONIBLE DE FORMULARIO FÍSICO ADICIONAL
Nota de formato físico adicional disponible Disponible en formato digital.
650 #4 - PUNTO DE ACCESO ADICIONAL DE MATERIA--TÉRMINO DE MATERIA
Término de materia o nombre geográfico como elemento de entrada Medicina-
Subdivisión general Filosofía
9 (RLIN) 14906
852 ## - LOCALIZACIÓN
Ubicación ES-MaACL
Número de control de estantería G-13821
Nota libre -- Enc. hol.
856 ## - LOCALIZACIÓN Y ACCESO ELECTRÓNICOS
Identificador Uniforme de Recursos <a href="http://bdh-rd.bne.es/viewer.vm?id=0000116676&page=1 ">http://bdh-rd.bne.es/viewer.vm?id=0000116676&page=1 </a>
Nota pública Biblioteca Digital Hispánica
Holdings
Estatus retirado Estado de pérdida Estado de daño No para préstamo Colección Biblioteca de origen Biblioteca actual Ubicación en estantería Fecha de adquisición Fuente de adquisición Total de préstamos Signatura topográfica completa Código de barras Visto por última vez Precio de reemplazo Tipo de ítem Koha
        Colección digital Biblioteca del Ateneo de Madrid Biblioteca del Ateneo de Madrid Sala Pecera Planta 3 17/01/2008     G-13821 1168259 23/02/2023 23/02/2023 Libro impreso antiguo